Can you name the movie titles given their antonyms? - Statistics

General Stats
  • This quiz has been taken 241 times
  • The average score is 9 of 12
Answer Stats
Hint Answer % Correct
Down 2009 Up
98%
The Bad, The Good and the Beautiful 1966 The good, the bad and the ugly
95%
The Satanmother 1972 The Godfather
94%
Forward To The Past 1985 Back To The Future
93%
The Night Before Yesterday 2004 The Day After Tomorrow
88%
Catwoman Ends 2005 Batman Begins
78%
Most Hate it Cold 1959 Some Like It Hot
69%
A Lot of Bad Women 1992 A Few Good Men
68%
Your Worst Enemy's Divorce 1997 My Best Friend's Wedding
68%
The Arrived 2006 The Departed
65%
Save Phil 2003 Kill Bill
60%
The Dropout 1967 The Graduate
55%
No matching quizzes found
Score Distribution
Percent of People with Each Score
Percentile by Number Answered
Your Score History
You have not taken this quiz